[Event "2022 PHCC Championships"]
[Site "Port Huron"]
[Date "2022.03.24"]
[Round "9"]
[White "Rutkofske, Lonnie"]
[Black "Klaty, Braeden"]
[Result "1-0"]
[WhiteElo "1731"]
[BlackElo "1714"]
[Annotator "alan1"]
[PlyCount "101"]
[EventDate "2022.03.24"]
[EventType "tourn"]
[EventRounds "9"]

{[%evp 0,101,18,-15,-7,-44,-20,-5,-5,-5,3,5,18,-4,-9,-18,-1,0,17,-33,-17,-12,
-18,-18,-1,-55,-28,-15,-12,8,10,-87,-41,-74,-12,-44,-16,-15,-10,-23,-25,-9,9,
-26,6,-31,-23,-34,-34,-94,-14,-13,-18,-31,-22,-42,-28,-34,0,-17,-5,-17,0,0,0,
-16,-22,-23,-16,-29,-15,-11,13,-5,33,43,42,53,44,33,24,46,50,39,44,-26,32,35,
56,56,174,195,182,196,196,173,223,191,220,221,237,233,549,575]} 1. c4 Nf6 2. g3
e6 3. Bg2 d5 4. Nf3 Be7 5. O-O O-O 6. cxd5 exd5 7. b3 c6 ({Relevant:} 7... Re8
8. Bb2 c6 9. d3 Bf5 10. Nbd2 Nbd7 11. Qc2 Bf8 12. Rfe1 h6 13. a3 a5 14. Rad1
Qb6 15. e4 Be6 16. e5 Nh7 17. d4 c5 18. Nf1 Rac8 19. Ne3 cxd4 20. Bxd4 Rxc2 21.
Bxb6 Rc3 22. Bxa5 Rxb3 23. Nxd5 Bg4 24. Re3 Rxa3 25. Rxa3 Bxa3 26. Nc7 Rc8 27.
e6 Ndf6 28. exf7+ Kxf7 29. Ne5+ Kf8 30. Nxg4 Nxg4 31. Bxb7 Rb8 32. Rd7 Ng5 33.
Na6 Re8 34. Bc3 Nf6 35. Bxf6 gxf6 36. h4 Nf3+ 37. Bxf3 {Artemiev,V (2716)
-Dominguez Perez,L (2758) chess24.com INT 2020 1-0}) 8. Bb2 Bg4 9. Re1 Re8 10.
d3 Nbd7 11. Nbd2 Bd6 {[#]} 12. e4 $146 ({Predecessor:} 12. Qc2 Qb6 13. e4 Qc5
14. Bc3 dxe4 15. dxe4 Bc7 16. Nd4 a5 17. h3 Bh5 18. a3 Bg6 19. b4 Qa7 20. Nc4
h5 21. Nxa5 Nd5 22. Bb2 Bxa5 23. bxa5 Qxa5 24. Nb3 Qb5 25. f4 N5f6 26. Rad1
Nxe4 27. Rxd7 Nxg3 28. Rxe8+ Rxe8 29. Qd1 Ne2+ 30. Kh2 Qf5 31. Qd2 Nxf4 32. Rd8
Rxd8 33. Qxd8+ Kh7 34. Qd4 f6 35. Qf2 Qb1 36. Qxf4 Qxb2 37. Nc5 Bf7 38. a4 g5
39. Qf5+ Kg7 40. a5 Bd5 41. Ne4 Bxe4 {Owens,J (2210)-Irons,B ICCF email 2018 1/
2-1/2}) 12... dxe4 13. dxe4 Bb4 14. Qc2 Nc5 15. Bxf6 Qxf6 16. e5 (16. a3 Bc3
17. Rac1 Bxf3 18. Qxc3 Qxc3 19. Rxc3 Bxg2 20. Kxg2) 16... Qh6 17. Re3 Ne6 18.
Qe4 Bxf3 19. Qxb4 Bxg2 20. Kxg2 b6 21. Nf3 c5 22. Qc4 Rad8 23. Rae1 Nd4 24. a4
Nxf3 25. Rxf3 Qe6 26. Qa6 Re7 27. Rfe3 Qd5+ 28. Kg1 Qd4 29. Qe2 Rd5 30. Qf3 h6
31. Re4 Qd3 32. R1e3 Qd1+ 33. Kg2 Qxf3+ 34. Kxf3 Red7 35. h4 a6 36. b4 cxb4 37.
Rxb4 b5 38. axb5 axb5 39. Kg4 Rc7 40. f4 Kf8 41. Reb3 Rcc5 42. h5 Ke7 43. Ra3
Rd7 44. Ra6 f6 (44... Rd3 45. Ra5 Rcc3 46. Kf5 Rxg3 47. Ra7+ Kf8 48. Rxb5 Rb3)
45. exf6+ gxf6 46. Re4+ Kf7 47. Ree6 f5+ 48. Kh3 Kg7 49. Rg6+ Kh7 50. Rxh6+ Kg7
51. Rag6+ 1-0

[Event "2022 PHCC Championships"]
[Site "Port Huron"]
[Date "2022.03.24"]
[Round "9"]
[White "Morabito, Matthew"]
[Black "Wingrove, William"]
[Result "1-0"]
[WhiteElo "1861"]
[BlackElo "1534"]
[Annotator "alan1"]
[PlyCount "91"]
[EventDate "2022.03.24"]
[EventType "tourn"]
[EventRounds "9"]

{[%evp 0,89,18,18,44,22,20,-2,8,-21,-5,3,5,5,21,12,-8,-13,14,-12,2,1,-3,-13,14,
-26,-44,-21,60,59,67,66,66,66,59,63,72,49,95,47,59,49,85,28,36,31,37,25,57,41,
37,17,14,4,15,5,5,0,0,-18,-5,-11,-18,0,41,30,8,8,0,0,117,81,86,108,145,145,179,
143,149,114,149,140,143,139,142,252,743,780,1002,650,634,1109]} 1. Nf3 c5 2. d3
({Relevant:} 2. b3 Nf6 3. Bb2 Nc6 4. e3 g6 5. d4 cxd4 6. Nxd4 Bg7 7. Nxc6 bxc6
8. c4 O-O 9. Nd2 d6 10. Be2 a5 11. O-O Qc7 12. Rc1 c5 13. Bc3 Bb7 14. a4 Ne4
15. Bxg7 Kxg7 16. Nb1 Bc6 17. Na3 Rad8 18. Nb5 Qb6 19. Qc2 Kg8 20. Rfd1 Nf6 21.
f3 Bb7 22. Bf1 Nd7 23. Qf2 Ne5 24. Rd2 Bc6 25. Rcd1 Rfe8 26. e4 Nd7 27. Bd3 Nf8
28. Bc2 Ne6 29. Nc3 Nd4 30. Rb1 Qb4 31. Na2 Qb6 {Nakamura,H (2750)-Vachier
Lagrave,M (2761) Chess.com INT 2022 1/2-1/2}) 2... Nc6 3. Nbd2 d6 4. g3 g6 5.
Bg2 Bg7 6. O-O e5 7. c3 Nge7 8. Rb1 a5 {[#]} 9. b3 $146 ({Predecessor:} 9. a3
O-O 10. b4 cxb4 11. cxb4 axb4 12. axb4 b5 13. Ne4 Be6 14. Nc3 Nd5 15. Nxd5 Bxd5
16. e4 Ba2 17. Rb2 Be6 18. Ng5 Bd7 19. Be3 h6 20. Nf3 Ra4 21. Qd2 Bg4 22. Rc1
Qa8 23. Nh4 h5 24. h3 Be6 25. Nf3 Rc8 26. Bh6 Ra2 27. Bxg7 Kxg7 28. d4 Nxd4 29.
Rxa2 Rxc1+ 30. Qxc1 Nxf3+ 31. Bxf3 Qxa2 32. Bxh5 Bxh3 33. Kh2 Be6 34. Kg2 Qc4
35. Qxc4 Bxc4 36. Bf3 f5 37. g4 Kf6 38. exf5 gxf5 {Fichte,W (2035)-Tereick,B 
(2155) Bad Zwesten 2005 0-1}) 9... O-O 10. Bb2 h6 11. e4 Be6 12. Nc4 b5 13. Ne3
Qd7 14. d4 cxd4 15. cxd4 exd4 16. Nxd4 Nxd4 17. Bxd4 Bxd4 18. Qxd4 Rad8 19. Nd5
Nxd5 20. exd5 Bh3 21. Rbc1 Bxg2 22. Kxg2 Rc8 23. Qd2 Qb7 24. Rcd1 Rc5 25. Kg1
Kh7 26. Rfe1 b4 27. Re4 Rfc8 28. Rh4 h5 29. Qd3 Kg7 30. Qd4+ Kg8 31. g4 Re8 32.
gxh5 Re5 33. hxg6 Rcxd5 34. gxf7+ Kg7 (34... Qxf7 35. Rg4+ Kh7 36. Qa1 Qf3 37.
Qb1+ Rf5 38. Rxd5 Qxf2+ 39. Kh1 Qf3+ 40. Rg2 Qxd5) 35. Rg4+ Kf8 36. Qa1 Rxd1+
37. Qxd1 Qe7 38. Qf3 Rg5 39. h3 Rxg4+ 40. hxg4 Qe5 41. Kg2 d5 42. Qe3 Qxe3 43.
fxe3 Kxf7 44. Kf3 Ke7 45. Kf4 Ke6 46. g5 1-0

[Event "2022 PHCC Championships"]
[Site "Port Huron"]
[Date "2022.03.24"]
[Round "9"]
[White "Rood, Eric"]
[Black "Malburg, Drew"]
[Result "1-0"]
[WhiteElo "1883"]
[BlackElo "1387"]
[Annotator "alan1"]
[PlyCount "55"]
[EventDate "2022.03.24"]
[EventType "tourn"]
[EventRounds "9"]

{[%evp 0,55,18,15,27,6,6,6,0,-53,-36,-64,17,4,-14,-16,-12,-4,10,-10,-16,-16,
-22,-45,-41,-71,-74,-83,-99,-92,-77,-128,-132,-153,-91,-107,-73,-74,-80,-66,
-27,-50,-26,-55,-13,-88,-37,-70,29,41,79,76,142,124,1710,530,583,498]} 1. d4
Nf6 2. Bf4 c5 3. e3 Qb6 4. Qc1 ({Relevant:} 4. Nc3 Qxb2 5. Nb5 Nd5 6. Rb1 Qxa2
7. Ra1 Qb2 8. Rb1 Qa2 9. Ra1 {1/2-1/2 (9) Nakamura,H (2745)-So,W (2767) Chess.
com INT 2020}) 4... cxd4 5. Nf3 dxe3 6. Bxe3 Qc7 7. c4 {[#]} Nc6 $146 ({
Predecessor:} 7... g6 8. Nbd2 Bg7 9. Be2 O-O 10. Rb1 Nc6 11. b4 e6 12. c5 Nd5
13. Bg5 Ncxb4 14. a3 Nc6 15. Ne4 b6 16. O-O bxc5 17. Nxc5 Nc3 18. Bf4 Nxe2+ 19.
Kh1 Qxf4 {0-1 (19) Luukonen,M (694)-Wevers,A Wellington 2017}) 8. Nc3 e6 9. Be2
Be7 10. O-O O-O 11. Nb5 Qd8 12. c5 Nd5 13. Bd2 b6 14. cxb6 Qxb6 15. a3 Ba6 16.
Nc3 Nxc3 17. Bxa6 Qxa6 18. Bxc3 Rfc8 19. Qf4 f6 20. Rfe1 Rab8 21. Rad1 Rd8 22.
g4 h6 23. h4 Rf8 24. Rxd7 Rb7 (24... e5 25. Qf5 Rb7 26. Qe6+ Kh8 27. Rxb7 Qxb7)
25. Rxb7 Qxb7 26. Rxe6 Qc7 27. Qc4 Kh7 28. Qxc6 1-0

[Event "2022 PHCC Championships"]
[Site "Port Huron"]
[Date "2022.03.24"]
[Round "9"]
[White "Gregg, Alan"]
[Black "Klaty, Brad"]
[Result "0-1"]
[WhiteElo "1918"]
[BlackElo "1222"]
[Annotator "alan1"]
[PlyCount "82"]
[EventDate "2022.03.24"]
[EventType "tourn"]
[EventRounds "9"]

{[%evp 0,82,18,15,15,12,27,21,44,25,37,41,35,38,46,17,38,-12,14,11,31,8,43,25,
23,19,10,-1,8,16,54,109,160,205,209,191,467,126,142,114,114,150,140,128,206,
148,168,147,135,126,139,124,124,95,95,100,110,59,39,8,0,0,4,0,0,0,0,0,0,-5,-9,
-19,-15,-26,-54,-184,-206,-224,-219,-301,-379,-441,-458,-479,-498]} 1. d4 d5 2.
Bf4 Nf6 3. e3 a6 ({Relevant:} 3... c5 4. Nf3 Nc6 5. Nbd2 Nh5 6. Be5 e6 7. c4
cxd4 8. cxd5 Qxd5 9. Bc4 Qd8 10. Bxd4 Nxd4 11. Nxd4 Nf6 12. O-O Be7 13. Qb3 O-O
14. Rfd1 Bc5 15. Rac1 Qe7 16. N2f3 b6 17. Bb5 Bb7 18. Bc6 Rac8 19. Bxb7 Qxb7
20. h3 Bxd4 21. Nxd4 Rxc1 22. Rxc1 Rc8 23. Rc4 g6 24. Nb5 Rxc4 25. Qxc4 Qd7 26.
Nd4 h5 27. Qc6 Qe7 28. Qc4 Qd7 29. Qc6 Qe7 30. Qc8+ Kg7 31. Qc3 Qd6 32. Nf3
Qd1+ 33. Kh2 {Dubov,D (2720)-Aronian,L (2772) Berlin 2022 1/2-1/2}) 4. Bd3 h6
5. Nd2 Nc6 6. c3 e6 7. h3 Bd6 {[#]} 8. Ne2 $146 ({Predecessor:} 8. Ngf3 Qe7 9.
O-O e5 10. dxe5 Bxe5 11. Nxe5 Nxe5 12. Bc2 O-O 13. Nf3 Nh5 14. Bxe5 c6 15. Bd4
f6 16. Nh4 Rd8 17. Qxh5 c5 18. Ng6 Qd6 19. Rae1 cxd4 20. exd4 Be6 21. Qf3 Bf7
22. Nf4 Rac8 23. Bb3 b5 24. Re3 a5 25. Rfe1 b4 26. Re7 Kf8 27. Rxf7+ Kxf7 28.
Bxd5+ Kf8 29. Ng6# {1-0 (29) Raines,D (1149)-Venturas,B (656) LSS email 2017})
8... Qe7 9. Bxd6 Qxd6 10. f4 g5 11. O-O g4 12. h4 Bd7 13. g3 O-O-O 14. b4 b5
15. a4 Rdg8 16. axb5 axb5 17. Bxb5 Kd8 18. Ra8+ (18. Ra6 Ke7 19. Bxc6 Bxc6 20.
b5) 18... Ke7 19. Rxg8 Rxg8 20. Bd3 Ra8 21. Qc2 Nh5 22. Kh2 f5 23. Nb3 Nf6 24.
Nc5 Nd8 25. Qb2 Qb6 26. Ra1 Rxa1 27. Qxa1 Bb5 28. Qa5 Bxd3 29. Qxb6 (29. Nxd3
Nb7 30. Qa2) 29... cxb6 30. Nxd3 Ne4 31. Ne5 Nb7 32. c4 dxc4 33. Nxc4 b5 34.
Ne5 Nbd6 35. Kg2 (35. d5 exd5 36. Nd4) 35... Nc4 36. Nxc4 bxc4 37. Nc1 Kd6 38.
b5 Kc7 39. Na2 Kb6 40. Nb4 Kxb5 41. Nc2 c3 0-1

[Event "2022 PHCC Championships  "]
[Site "Port Huron"]
[Date "2022.03.31"]
[Round "2"]
[White "Rood, Eric"]
[Black "Klaty, Braeden"]
[Result "1/2-1/2"]
[WhiteElo "1883"]
[BlackElo "1719"]
[PlyCount "99"]
[EventDate "2022.03.31"]
[EventType "tourn"]
[EventRounds "9"]

{[%evp 0,99,35,23,36,-3,-15,-5,-2,-28,21,25,18,26,43,20,38,23,38,28,38,32,73,
56,11,47,47,57,92,78,65,40,32,22,24,5,8,-18,-19,-49,-12,0,6,-16,0,-6,0,0,5,8,8,
-29,-7,-95,36,-1,0,-36,23,6,-1,-10,27,20,10,-25,3,-15,-15,-15,4,9,0,0,2,-13,
-17,-18,-15,-8,0,0,9,-33,0,-30,-1,-12,0,0,0,0,0,0,151,0,0,0,215,0,0,0]} 1. d4
Nf6 2. c4 e6 3. Nc3 d5 4. Bg5 Be7 5. Nf3 O-O 6. e3 Nbd7 7. Rc1 b6 8. Bd3 Bb7 9.
O-O c5 10. cxd5 cxd4 ({Relevant:} 10... Nxd5 11. Bxe7 Qxe7 12. e4 Nf4 13. Bb5
Rfd8 14. Qd2 cxd4 15. Qxf4 dxc3 16. Rxc3 Qb4 17. Bxd7 Rxd7 18. Ne5 Re7 19. Rg3
Kf8 20. Rd1 f6 21. Ng4 Qxe4 22. Qd6 Qc6 23. Qa3 Rc8 24. h4 Qc5 25. b4 Qh5 26.
Re1 Qxh4 27. b5 Bd5 28. Ne3 Rcc7 29. Nxd5 exd5 30. Rge3 f5 31. Re5 Qf6 32. Re6
Qf7 33. f4 Rcd7 34. Rxe7 Rxe7 35. Qd6 Qe8 36. Re5 Qd7 37. Rxd5 Qxd6 38. Rxd6
Re4 39. g3 Re2 40. a4 {Kosic,D (2502)-Audi,A (2322) Djenovici 2019 0-1 (71)})
11. Nxd4 Nxd5 12. Bxe7 {[#]} Nxe7 $146 ({Predecessor:} 12... Qxe7 13. Qd2 Qg5
14. Nf3 Qg4 15. h3 Qb4 16. Qc2 h6 17. a3 Qc5 18. Rfd1 Rac8 19. Nxd5 Qxd5 20.
Qb1 Rxc1 21. Rxc1 Ne5 22. Be2 Nxf3+ 23. Bxf3 Qd7 24. Bxb7 Qxb7 25. Qc2 Rd8 26.
f3 Qd5 27. e4 Qd4+ 28. Kf1 Qe3 29. Re1 Qf4 30. Rd1 Rd6 31. Rxd6 Qxd6 32. Qc8+
Kh7 33. Qc2 g6 34. Ke2 Qg3 35. Kd3 Qd6+ 36. Ke3 e5 37. Qc4 Kg7 38. Qd5 Qxd5 39.
exd5 f5 40. f4 Kf6 41. d6 exf4+ 42. Kxf4 {Costa,L (1281)-Barreto,M (1611) Sao
Paulo 2019 0-1}) 13. Be4 Nc5 14. Bxb7 Nxb7 15. Ne4 Rc8 16. Qf3 Qd7 17. b3 Nd5
18. h4 Nd6 19. Ng3 Nf6 20. Rfd1 Rxc1 21. Rxc1 Rc8 22. Rd1 Qc7 23. Qe2 Nde4 24.
Nxe4 Nxe4 25. Nb5 Qe7 26. Qd3 Nc5 27. Qc4 a6 28. Nd4 b5 29. Qc2 Rc7 30. g3 h6
31. Rc1 e5 32. Ne2 Ne6 33. Qb2 Rxc1+ 34. Qxc1 Qc7 35. Qxc7 Nxc7 36. Nc3 f5 37.
b4 Kf7 38. Kf1 g5 39. hxg5 hxg5 40. Ke2 Ke6 41. Kd3 Kd6 42. f4 gxf4 43. gxf4
exf4 44. exf4 Ke6 45. Kd4 Kd6 46. a3 Ke6 47. Kd3 Kd6 48. Kd4 Ke6 49. Kd3 Kd6
50. Kd4 1/2-1/2

[Event "2022 PHCC Championships"]
[Site "Port Huron"]
[Date "2022.03.31"]
[Round "7"]
[White "Rutkofske, Lonnie"]
[Black "Malburg, Drew"]
[Result "1-0"]
[WhiteElo "1731"]
[BlackElo "1348"]
[Annotator "alan1"]
[PlyCount "49"]
[EventDate "2022.03.31"]
[EventType "tourn"]
[EventRounds "9"]

{[%evp 0,49,28,-13,-5,-44,-49,-28,5,-29,-17,-3,-8,-7,-12,-11,10,14,38,22,23,25,
47,33,35,31,53,31,50,29,38,21,31,18,47,133,134,132,146,138,172,193,271,266,458,
656,1537,1623,1638,1753,29999,-30000]} 1. c4 e5 2. g3 Nc6 3. Bg2 g6 4. e4 Bg7
5. Ne2 d6 6. O-O Be6 7. d3 Qd7 8. Nbc3 Bh3 ({Relevant:} 8... Nge7 9. Nd5 O-O
10. Be3 Nd8 11. d4 c6 12. Nxe7+ Qxe7 13. d5 Bd7 14. Qd2 c5 15. a3 f5 16. f3 b6
17. Nc3 Nb7 18. f4 Na5 19. Qd3 exf4 20. Bxf4 Qf6 21. Be3 Rae8 22. Rae1 Qe5 {
1/2-1/2 (22) Spirin,O (2472)-Petenyi,T (2457) Czech Republic 2013}) 9. Nd5 Bxg2
10. Kxg2 {[#]} O-O-O $146 ({Predecessor:} 10... Nd4 11. b4 c6 12. Ndc3 Ne7 13.
Nxd4 exd4 14. Ne2 O-O 15. Bg5 h6 16. Bxe7 Qxe7 17. Nf4 Rae8 18. Qg4 h5 19. Qf3
Bh6 20. Rae1 Qe5 21. h4 a5 22. Rb1 Re7 23. b5 Qc5 24. bxc6 bxc6 25. Rb2 a4 26.
Rfb1 a3 27. Rb6 Ra8 28. R1b3 Kg7 29. Rb7 Ra7 30. Rb8 Qa5 31. Rc8 Rac7 32. Rd8
Rb7 33. Rxb7 Qxd8 34. Rb3 Qa5 35. Qd1 Qe5 36. Qf3 Ra7 37. Ne2 Bd2 38. g4 hxg4
39. Qxg4 Ra8 40. f4 {Kozomora,D (2076)-Drljevic,L (2210) Novi Sad 2016 1-0 (74)
}) 11. b4 Nce7 12. Nec3 f5 13. Bg5 h6 14. Bxe7 Nxe7 15. Nxe7+ Qxe7 16. Qa4 a6 (
16... Kb8) 17. b5 Qd7 18. Rab1 fxe4 19. dxe4 Rhf8 20. Qa3 Qe6 21. Nd5 Kd7 22.
bxa6 bxa6 23. Qa4+ c6 24. Rb7+ Kc8 25. Qxc6# 1-0

[Event "2022 PHCC Championships      "]
[Site "Port Huron"]
[Date "2022.02.10"]
[Round "4"]
[White "Rood, Eric"]
[Black "Morabito, Matthew"]
[Result "1/2-1/2"]
[WhiteElo "1883"]
[BlackElo "1861"]
[PlyCount "91"]
[EventDate "2022.01.27"]
[EventType "tourn"]
[EventRounds "9"]

1. d4 Nf6 2. Bf4 d6 3. Nf3 g6 4. e3 Bg7 5. Nbd2 O-O 6. Bd3 Nbd7 7. c3 ({
Relevant:} 7. Bg3 c5 8. c3 b6 9. e4 Nh5 10. O-O Nxg3 11. hxg3 Rb8 12. Re1 Qc7
13. Nf1 e6 14. Rc1 b5 15. Bb1 Rd8 16. Qd2 Qb6 17. d5 e5 18. Nh4 Nf6 19. Rcd1
Ng4 20. Nh2 c4 21. Qe2 h5 22. Nxg4 Bxg4 23. Nf3 Bh6 24. b4 cxb3 25. axb3 Rdc8
26. c4 bxc4 27. bxc4 Qc5 28. Bd3 a5 29. Qa2 Rb4 30. Ra1 a4 31. Reb1 Rcb8 32.
Rxb4 Rxb4 33. Ne1 Bd7 34. Bf1 Rb3 35. Bd3 Qb4 36. Bc2 Rb2 {Lima,C (1815)-Silva,
L (2158) Cuiaba 2021 0-1}) 7... Re8 8. Qc2 e5 9. dxe5 dxe5 10. Bg5 Nc5 {[#]}
11. Be2 $146 ({Predecessor:} 11. Bxf6 Bxf6 12. Bc4 c6 13. O-O-O Qc7 14. Ne4
Nxe4 15. Qxe4 Bf5 16. Bxf7+ Qxf7 17. Qb4 Qxa2 18. Nd2 Qa1+ 19. Nb1 Qxb1+ 20.
Kd2 Rad8+ 21. Ke2 Qc2+ {0-1 (21) Teixeira,A (1506)-Macedo,M (1922) Joao Pessoa
2019}) 11... e4 12. Nd4 Nd3+ 13. Kf1 c5 14. Nxe4 Nxf2 15. Nxf2 cxd4 16. exd4
Qd5 (16... Nd5) 17. h4 Bf5 18. Qb3 {[#]} Qxb3 (18... Rxe2 19. Qxd5 (19. Kxe2
Qxg2 20. Bxf6 Bxf6) 19... Rxf2+) 19. axb3 h6 20. Bf4 Nd5 21. Bd2 Ne3+ 22. Bxe3
Rxe3 23. Bb5 a6 24. g4 Bc2 25. b4 Rd8 26. Ba4 Bxa4 27. Rxa4 Rde8 28. Rh3 Re1+
29. Kg2 R8e2 30. b5 Rxb2 31. bxa6 bxa6 32. Rxa6 Re4 33. g5 (33. Ra8+ Kh7 34.
Rf3 Re7 35. Kg3) 33... hxg5 34. hxg5 Rg4+ 35. Rg3 Rxg3+ 36. Kxg3 Rb3 37. Ra8+
Kh7 38. Ne4 Bxd4 39. Rc8 Kg7 40. Kg4 Be5 41. c4 Rb8 42. Rxb8 Bxb8 43. Kf3 Be5
44. Ke3 f5 45. gxf6+ Bxf6 46. Nxf6 1/2-1/2

[Event "2022 PHCC Championships     "]
[Site "Port Huron"]
[Date "2022.02.11"]
[Round "4"]
[White "Avdic, Huso"]
[Black "Klaty, Braeden"]
[Result "1-0"]
[WhiteElo "2092"]
[BlackElo "1719"]
[PlyCount "109"]
[EventDate "2022.01.27"]
[EventType "tourn"]
[EventRounds "9"]

1. c4 Nf6 2. Nc3 e6 3. Nf3 Bb4 4. g3 O-O 5. Bg2 d5 6. d4 Nbd7 7. cxd5 ({
Relevant:} 7. Qb3 c5 8. O-O cxd4 9. Qxb4 a5 10. Qa3 dxc3 11. Qxc3 b6 12. cxd5
Nxd5 13. Qd2 Nc5 14. b3 Ba6 15. Bb2 Rc8 16. Rfd1 Qe7 17. Rac1 Rfd8 18. Qe1 Nb4
19. a3 Rxd1 20. Rxd1 Nd5 21. Nd4 Bb7 22. e4 Nf6 23. f3 Rd8 24. g4 h6 25. h4 Nh7
26. Rd2 Nf8 27. Bc3 Ng6 28. h5 Nf4 29. Qd1 Qh4 30. b4 axb4 31. axb4 Nxg2 32.
Rxg2 Nxe4 33. fxe4 e5 34. Rd2 Qg3+ 35. Kf1 Qxc3 36. Nf3 Rxd2 {Fridman,D (2633)
-Yu,Y (2764) St Petersburg 2018 1/2-1/2 (78)}) 7... exd5 8. O-O Re8 9. Bd2 c5 {
[#]} 10. dxc5 $146 ({Predecessor:} 10. a3 Bxc3 11. Bxc3 Ne4 12. Qc2 Nxc3 13.
bxc3 Nf6 14. Ne5 g6 15. Rfe1 Be6 16. Qb2 Qc7 17. Rac1 c4 18. Qb4 Rab8 19. Rb1
b5 20. Qb2 a5 21. Qd2 Nd7 22. Nxd7 Qxd7 23. e4 dxe4 24. Bxe4 Qd8 25. Ra1 Bd5
26. Bxd5 Qxd5 27. Qf4 Qd7 28. Re5 Rxe5 29. Qxe5 Re8 30. Qf4 Re2 31. Qf3 Qe8 32.
Kf1 Rd2 33. Re1 Qf8 {1/2-1/2 (33) Kokkinopanis,L-Vlahos,G (2165) Aegina 1996})
10... Nxc5 11. a3 Bxc3 12. Bxc3 Nce4 13. Bd4 Be6 14. Rc1 Nd6 15. b3 Nb5 16. Bb2
Rc8 17. Qd3 Rxc1 18. Rxc1 Nd6 19. Nd4 Qd7 20. e3 Rc8 21. Rxc8+ Qxc8 22. f3 Nf5
23. Kf2 Nxd4 24. Bxd4 Bf5 25. Qc3 Qxc3 26. Bxc3 Nd7 27. Bd4 b6 28. b4 f6 29. f4
Be4 30. Bf1 Kf7 31. g4 Nf8 32. Bb5 Ne6 33. Bc3 Ke7 34. a4 Nc7 35. Bf1 Ke6 36.
h4 g6 37. Ke2 Ne8 38. Kd2 Nd6 39. Bd4 Bf3 40. g5 f5 41. a5 bxa5 42. bxa5 {[#]}
Nb7 (42... Nc4+ 43. Bxc4 dxc4 44. Bxa7 Bb7 45. Kc3 Ba6) 43. a6 Nd6 44. Bxa7
Ne4+ 45. Kc2 Nf2 46. Bd4 Bd1+ 47. Kc3 Ba4 48. Kb4 Bc6 49. Kc5 Kd7 50. Kb6 Ne4
51. a7 Ba8 52. Bb5+ Kd8 53. Bc6 Nd6 54. Bxa8 Nc8+ 55. Ka6 1-0

[Event "2022 PHCC Championships   "]
[Site "Port Huron"]
[Date "2022.02.10"]
[Round "4"]
[White "Klaty, Brad"]
[Black "Wingrove, William"]
[Result "0-1"]
[WhiteElo "1222"]
[BlackElo "1534"]
[PlyCount "88"]
[EventDate "2022.01.13"]
[EventType "tourn"]
[EventRounds "9"]

1. e4 c5 2. b3 d6 3. Bb2 Nc6 4. Nf3 Nf6 5. Nc3 g6 6. Bc4 ({Relevant:} 6. Nd5 e5
7. Nxf6+ Qxf6 8. c3 Bg7 9. a3 O-O 10. b4 Re8 11. Bc4 Be6 12. d3 Rad8 13. Bc1 h6
14. Bxe6 Qxe6 15. b5 Ne7 16. c4 d5 17. cxd5 Nxd5 18. exd5 Qxd5 19. Be3 e4 20.
Nd2 Bxa1 21. Qxa1 Qxd3 22. Qb1 c4 23. Qxd3 exd3 24. Nb1 f5 25. g3 g5 26. Kd2 f4
27. gxf4 gxf4 28. Bxf4 Re2+ 29. Kc3 Rxf2 30. Bd2 Rc8 31. h4 Kf7 32. Rg1 a6 33.
a4 axb5 34. axb5 Rf5 35. Na3 h5 {Firman,N (2516) -Libiszewski,F (2523) Porto
Rio 2015 1-0}) 6... Bg7 7. Ng5 (7. Rb1) 7... e6 {[#]} 8. Rb1 $146 ({
Predecessor:} 8. h3 O-O 9. O-O a6 10. Qf3 Ne5 11. Qf4 Nxc4 12. bxc4 Nh5 13. Qh4
Bf6 14. f4 h6 15. Nd1 hxg5 16. fxg5 Bxg5 17. Qe1 Bh4 18. Qe2 Ng3 19. Qe1 Nxf1
20. Qxf1 f5 21. Qf3 Qg5 22. Qc3 e5 23. Ne3 fxe4 24. Rf1 Bxh3 25. Rd1 Bf2+ 26.
Kh1 Bxg2+ 27. Nxg2 Kf7 28. Rf1 Rh8+ 29. Nh4 Rxh4+ 30. Qh3 Rxh3# {0-1 (30) Lima,
A-Aguiar,A (1430) Brasilia 2018}) 8... O-O 9. O-O a6 10. Ne2 b5 11. Bd3 Ne5 12.
Bxe5 dxe5 13. Ng3 Bb7 14. Qe2 h6 15. Nf3 Qc7 16. c4 b4 17. Ra1 Rfd8 18. Rfd1
Nd7 19. a3 a5 20. a4 f5 21. Rac1 f4 22. Nf1 Nf6 23. Bc2 g5 24. h3 Nh7 25. d3
Qe7 26. N3h2 Nf6 27. Rd2 h5 28. Bd1 Bh6 29. g4 fxg3 30. fxg3 g4 31. Ne3 gxh3
32. Rb2 Qg7 33. Qe1 Rxd3 34. Re2 Nxe4 35. g4 Bxe3+ 36. Rxe3 Rxe3 37. Qxe3 Qg5
38. Qxg5+ Nxg5 39. gxh5 Rd8 40. Ng4 Bf3 41. Ne3 Bxd1 42. Nxd1 Rd2 43. Ne3 Nf3+
44. Kh1 Rh2# 0-1

[Event "2022 PHCC Championships  "]
[Site "Port Huron"]
[Date "2022.02.10"]
[Round "4"]
[White "Gregg, Alan"]
[Black "Rutkofske, Lonnie"]
[Result "1-0"]
[WhiteElo "1918"]
[BlackElo "1731"]
[Annotator "alan1"]
[PlyCount "167"]
[EventDate "2022.02.10"]
[EventType "tourn"]
[EventRounds "9"]

1. b3 Nf6 2. Bb2 b6 ({Relevant:} 2... g6 3. Nf3 Bg7 4. g3 c5 5. Bg2 d5 6. O-O
O-O 7. e3 Re8 8. d4 cxd4 9. exd4 Nc6 10. Nbd2 Bf5 11. Re1 Rc8 12. a3 Ne4 13.
Rc1 Bh6 14. h3 Qb6 15. g4 Nxd2 16. Nxd2 Be6 17. Nf3 Bxc1 18. Qxc1 Kg7 19. Qe3
Nd8 20. c4 Rxc4 21. bxc4 Qxb2 22. c5 f6 23. Qf4 Qb5 24. h4 Qd7 25. g5 Nc6 26.
h5 gxh5 27. Qh4 Bg4 28. Nh2 Bf5 29. Qxh5 Bg6 30. Qh6+ Kf7 31. Bh3 e6 32. Nf3 {
Nihal,S (2650)-So,W (2772) Chess.com INT 2021 0-1 (64)}) 3. c4 Bb7 4. d4 e6 5.
Nf3 Bb4+ 6. Bc3 {[#]} Bxc3+ $146 ({Predecessor:} 6... Be7 7. Nbd2 O-O 8. e3 d5
9. Rb1 c5 10. b4 cxb4 11. Bxb4 Bxb4 12. Rxb4 Nc6 13. Rb2 Rc8 14. c5 Nd7 15. Bd3
f6 16. Qb1 g6 17. h4 e5 18. Bxg6 e4 19. Bxh7+ Kxh7 20. Nh2 f5 21. g3 Na5 22.
cxb6 axb6 23. Qd1 Nf6 24. g4 Nc4 25. Nxc4 Rxc4 26. g5 Ng4 27. Nxg4 fxg4 28. Rg1
Qc8 29. Qxg4 Rc1+ 30. Qd1 Qc3+ 31. Rd2 Rxd1+ 32. Kxd1 Qa1+ 33. Ke2 Ba6+ 34. Rd3
Bxd3+ 35. Kd2 Qxg1 36. g6+ {Mesa Rodriguez,A (1029)-Exposito Cruz, A (1432)
Santa Cruz de Tenerife 2021 0-1}) 7. Nxc3 Ne4 8. Qc2 Nxc3 9. Qxc3 O-O 10. e3 f5
11. Be2 Qf6 12. O-O a5 13. Rac1 d6 14. c5 Rf7 15. a3 g5 16. Nd2 d5 17. f4 g4
18. g3 Qd8 19. b4 c6 20. cxb6 Qxb6 21. Rb1 a4 22. Rfc1 Qd8 23. Rb2 Rc7 24. Rbc2
Nd7 25. Nf1 Rcc8 26. Qe1 Qf8 27. Bd3 Kf7 28. Qe2 Qd8 29. h4 h5 30. Rc3 Qb6 31.
Qc2 Ke7 32. Kh2 Kf6 33. Nd2 Kg6 34. Qd1 Kf6 35. Qe2 Ke7 36. Nb1 Kd6 37. R3c2
Ke7 38. Nc3 Qa7 39. Rb2 Nb6 40. Nb1 Nd7 41. Qc2 Qb6 42. Nc3 Qa7 43. Nd1 Kf6 44.
Qd2 Ke7 45. Rbc2 Qb6 46. Nf2 Kf6 47. Bf1 Ke7 48. Rc3 Kf6 49. Nd3 Ke7 50. Qb2
Ba6 51. Nc5 Bxf1 52. Rxf1 Qb5 53. Rfc1 Nb6 54. Qa2 Kd6 55. Kg2 Ra7 56. Kf2 Re7
57. Nd3 Rec7 58. Qc2 Ke7 59. Nc5 Ra8 60. Nd3 Nc4 61. Qe2 Rac8 62. Ne5 Nd6 63.
Qxb5 Nxb5 64. Rd3 Kd6 65. Ke2 Ra8 66. Kd2 Ra6 67. Kc2 Rb7 68. Kb2 Rc7 69. Rd2
Rb6 70. Rdc2 Na7 71. Nd3 Nc8 72. Ka2 Rb5 73. Nc5 Nb6 74. Rc3 Ra7 75. Nd3 Nc4
76. Ne5 Ra6 77. Nxc4+ dxc4 78. Rxc4 Kd5 {[#]} 79. Rc5+ (79. Kb2 Ke4 80. d5+ Kf3
81. dxc6) 79... Ke4 80. Rxc6 Rxc6 81. Rxc6 Kxe3 82. Rxe6+ Kf3 83. Re5 {Black
is better, but time was a factor!} Kxg3 84. Rxb5 1-0